000 00984nam a22003017a 4500
003 CHAP
005 20220329134143.0
008 971013s1979 r 00010 d
010 _a16228
011 _a17200
035 _a21283
040 _cCHAP
090 _aTesis
100 0 0 _aGutiérrez Esquivel, José Luis.
_951674
245 _aSelección mazorca por surco en una población super-enana de maíz (Zea mays L.)
260 _aSaltillo, Coah., :
_bEl autor,
_c1979
300 _a61 h.
_b; tabñlas
502 _aTesis (M.C. Esp. en Fitomejoramiento) -- Univ. Autónoma Agraria Antonio Narro
590 _aALEPH
_b10
_c20130110
_lUCH01
_h1238
590 _aBATCH-UPD
_b10
_c20130110
_lUCH01
_h2123
590 _aBATCH-UPD
_b10
_c20130410
_lUCH01
_h1433
590 _aBATCH-UPD
_b10
_c20130914
_lUCH01
_h1800
590 _aCONVERSION
_b10
_c20130109
_lUCH01
_h1310
650 1 4 _aMaíz enano.
_971113
901 _aBK
942 _cTESIS
949 _bBC
_cTES
_d-49563
_eTS1
_i21283
_si
999 _c16228
_d16228